| 000 | 01021nam a2200265Ia 4500 | ||
|---|---|---|---|
| 003 | OSt | ||
| 005 | 20221005104115.0 | ||
| 006 | a|||||r|||| 00| 0 | ||
| 007 | ta | ||
| 008 | 221004b |||||||| |||| 00| 0 san d | ||
| 020 |
_a9789385538247 (hbk) _cINR 995.00 |
||
| 024 | _a34846 | ||
| 037 |
_b126, 12/09/2017, Eastern Book Linkers _cTextual |
||
| 040 |
_aCRL _cCRL _bsan |
||
| 041 |
_2san _asan |
||
| 082 | _aR635, 152Q7 | ||
| 100 | _aढु›ेल, धरणी, ले. | ||
| 245 | 0 | _aयोगदर्शन में स्वास्थ्य विज्ञान | |
| 246 | _aYogadarshan mean swāsthya vijnyāna | ||
| 260 |
_aदिल्ली _bज्ञानभारती पब्लिकेशन्स भारत _c2017 |
||
| 300 |
_a298पृ0 _ccm. |
||
| 650 |
_aयोग दर्शनशास्त्र _9157699 |
||
| 942 |
_hR635, 152Q7 _cTEXL _2cc |
||
| 999 |
_c1011731 _d1011731 |
||